| 000 | 00911nam a22002417a 4500 | ||
|---|---|---|---|
| 999 |
_c7477 _d7477 |
||
| 003 | AR-CdUCM | ||
| 008 | 190320b ||||| |||| 00| 0 spa d | ||
| 040 |
_aMUNICIPALIDAD PROVINCIAL DEL CUSCO _cBIBLIOTECA MUNICIPAL DEL CUSCO |
||
| 082 |
_23ed. _a615.3 / _bR78 |
||
| 100 |
_aRojas M., William _921083 |
||
| 245 | _aInmunología / | ||
| 260 |
_aMedellín ; _bFonde Educativo Interamericano S. A ; _c1976. |
||
| 300 |
_a280 páginas _bIlustraciones, fotografías _c23cm |
||
| 440 |
_aColección Ciencias de la Salud del Fondo Educativo Interamericano _921084 |
||
| 505 | _aContenido: Generalidades sobre inmunidad -- Inmunidad natural -- Fagocitosis -- Inflamación Inmunidad específica... | ||
| 650 |
_aInmunidad _921085 |
||
| 650 |
_aInmunología _921086 |
||
| 650 |
_aAnticuerpos _921087 |
||
| 710 |
_aEditorial Colina _921088 |
||
| 710 |
_aFEPAFEM. _921089 |
||
| 942 |
_2ddc _cLIBROS |
||
| 945 | _anom | ||